000 00352nam a2200157Ia 4500
003 OSt
005 20240120162549.0
008 170524s9999 xx 000 0 und d
020 _a9788177583649
040 _cIIMTU
100 _aArora R K
245 0 _aFluid Mechanics and hydrilic machine
260 _bStandard
260 _c2007
942 _2ddc
_c02
999 _c5640
_d5640